000 00472cam a22001697a 4500
008 180718b1992 xxu||||| |||| 00| 0 eng d
082 _aO91 D345
100 _aDean, Judith M.
245 _aTrade and the environment: a survey of the literature
_cby Judith M. Dean
260 _aWashington, D.C.
_bIBRD
_c1992
300 _a27p.
440 _aWorking papers WPS 966
650 _aForeign Trade
650 _aForeign Commerce
650 _aEnvironment
700 _aIBRD
999 _c226486
_d226486